000 01273nam a2200313 c 4500
003 BLK
005 20190507131845.0
008 180411b bul|||||r ||||||| ||bul||
010 _aKNG00191304000
040 _aBLK
041 _aBUL
_cBUL
080 _aВоенно дело. Военни науки. Народна отбрана. Въоръжени сили
_b355/359
_x
_z355/359
100 1 _aДенисов, Константин
_eпърви автор
_9342915
700 1 _aСавов, Кузман
_eпрев. от рус.
_9368412
139 _aДенисов, Константин
_bД 43
245 1 0 _aКрилати черноморци
_bДокум. повест
_cКонстантин Денисов; прев. от рус. Кузман Савов.
257 _aSUN
260 София
_bВоен. изд.
_c1989
300 _a360 с.
_c21 см
380 _a3
500 _aПрев. е направен от ръкоп. - Без тир.
650 4 _aВоенновъздушни сили - СССР - история
_9293451
650 4 _aЛетци, съветски - спомени
_9337799
852 _aЦб 159273
856 4 _qpdf
_u
856 4 _qpdf
_u
942 _cKNG
_n0
_01
944 _aCR
_c03.10.2016
_kГрета_Цуфелде
944 _aED
_c03.10.2016
_kГрета_Цуфелде
999 _c182380
_d182380